This Is How the Gospel Came to Badachoudanahalli (Record no. 18378)

MARC details
000 -LEADER
fixed length control field 00600nam a2200241 a 4500
020 ## - INTERNATIONAL STANDARD BOOK NUMBER
ISBN
082 00 - DEWEY DECIMAL CLASSIFICATION NUMBER
Classification number 275.4
Author Cutter WES
100 ## - MAIN ENTRY--AUTHOR NAME
Author name Wesley, Arun Kumar
245 ## - TITLE STATEMENT
Title This Is How the Gospel Came to Badachoudanahalli
260 ## - PUBLICATION, DISTRIBUTION, ETC. (IMPRINT)
Place of publication Banglore
Name of publisher Btessc
Year of publication 2004
300 ## - PHYSICAL DESCRIPTION
Number of Pages 101p
500 ## - GENERAL NOTE
General note includes index and biblioraphy
505 2# - FORMATTED CONTENTS NOTE
Formatted contents note Appendices
650 ## - SUBJECT ADDED ENTRY--TOPICAL TERM
Topical Term Christianity-India
942 ## - ADDED ENTRY ELEMENTS (KOHA)
Koha item type Books
700 1# -
-- Wesley, Arun Kumar
Holdings
Collection code Home library Current library Date acquired Cost, normal purchase price Full call number Accession Number Koha item type
  Henry Martyn Institute Library Henry Martyn Institute Library 07/19/2007 100.00 275.4 WES 11001658 Books
                   Copyright © 2026 | Henry Martyn Institute | Hyderabad | TS-500052 | INDIA | Implemented by hmi.edu.in
Hit-Count:

Powered by Koha